| 000 | 00316nam a2200097Ia 4500 | ||
|---|---|---|---|
| 082 | _aT 332.024 MONT | ||
| 245 | 0 | _aFrequently asked questions about budgeting and money management | |
| 100 |
_a MONTEVERDE, Matthew New York, NY, 2009 1st ed _976393 |
||
| 942 | _cBK | ||
| 008 | 210817s9999 xx 000 0 und d | ||
| 999 |
_c254043 _d254042 |
||